MDQL
is popping MORE tags! Check the
thread
!
Quizzes
Events
Quiz Creation
Community
Videos
Private Events
Remove Ads
Sign In
Join for FREE
Feedback
Dark Mode
Quiz Categories
Sports
Geography
Music
Movies
Television
Just For Fun
Miscellaneous
History
Literature
Language
Science
Gaming
Entertainment
Religion
Holiday
For Kids
Quiz Lab
Recent
Popular Today
Quiz Kudos Today
Editor Picks
Curator Picks
Quizzes by...
Day
Popularity
Type
Ratings
Length
Year
Community
Subscriptions
Recent Discussions
Orange Saloon
Badges
Playlists
Quests
Create
Leaderboards
Showdown
Live 5
Trivia Bingo
Activity
Puzzle Library
Sporcle Events
Private Events
Virtual Trivia
Globe League
Become a Host
Pub Owners
SporcleCon
Opinionation
Our Games
Videos
Blog
Mobile Apps
Partnerships
Remove Ads and Go Orange
Feedback
Holiday
Halloween
Christmas
Holiday Songs
April Fools'
Thanksgiving
Valentine's Day
Easter
St Patrick's Day
National Holiday
Religious Holiday
Holiday
Halloween
Christmas
Holiday Songs
April Fools'
Thanksgiving
Valentine's Day
Easter
St Patrick's Day
National Holiday
Religious Holiday
Random Quiz
Search Sporcle
×
Quiz Lab
Quiz Lab
Holiday
Halloween
Type in answers that appear in a list
Type in answers that appear in a list
Classic
Best Score? Go Orange.
Common Halloween Candy Stats
Can you name the Common Halloween Candy?
By
greenster123
7m
15 Questions
61 Plays
61 Plays
61 Plays
Comments
Comments
Give Quiz Kudos
Give Quiz Kudos
-
- Ratings
hide this ad
Replay
Link that replays current quiz
Next Quiz
Link to next quiz in quiz playlist
You Got
0%
They Got
Avg Score
21%
Avg Friend Score
Upgrade to see
Score Distribution
Jump to the score distribution portion of the page
Score
0/15
Timer
07:00
0
Plays Today
candy
% Correct
Candy Corn
44.3%
Hershey's
41%
M&m's
34.4%
Nerds
31.1%
Milky Way
31.1%
Crunch
23%
Tootsie Roll
21.3%
Baby Ruth
19.7%
candy
% Correct
Snickers Bar
13.1%
Reese's Pieces
13.1%
Life Savers
13.1%
Almond Joy
11.5%
Sour Patch Kids
9.8%
Jolly Ranchers
8.2%
Hot Tamales
6.6%
Quiz Playlist
Details
Report
Send in Message
Add To Playlist
Classic:
Type in answers that appear in a list
Last Updated: Feb 16, 2017
Quiz Scoreboard
CHALLENGE
Sign Up to Join the Scoreboard
Show All
Scores
Hide
Comments
May contain spoilers
Recently Published
Holiday 10x10 Sorting Gallery
by lukepisani3
Holiday
15m
Two Season TV Shows II
by 123Four
Television
10m
Image Sorting: Flags VI
by Barbecue
Geography
2m
More to Explore
Quiz From the Vault
Featured Blog Post
14 Easter Pick-up Lines to Find Eggs With
hide this ad
You Might Also Like...
Tags
Halloween Quiz
Candy
common
Today's Top Quizzes in Holiday
Browse Holiday
hide this ad
Today's Top Quizzes in Halloween
Browse Halloween
Top Contributed Quizzes in Holiday
1
Pick the Easter Eggs hidden in the Garden
2
April Fools' Zebra Puzzle
3
Picture Click Blitz: Easter
4
5-to-1: Holiday Songs
5
Easter Teddy Bears
6
5-to-1: Thanksgiving
7
Easter - Did You Know?
8
Image Sorting: Holidays II
9
Draw a Badge: Hey, It's Leap Day
10
Click the Cartoon Easter Bunny
Explore More
Trending Topics
Kpop
NBA
Marvel
Anime
Disney
Harry Potter
Crossword
Pokémon
Country
Puzzle
WWE
Soccer
The Office
NFL
Song
hide this ad
More By:
greenster123
Quiz
Plays
Rating
Category
Featured
Created
types of salmon
106
Just For Fun
Nov 25, 2011
Friends who's with who
99
1.00
Television
Nov 27, 2011
states without NFL teams
91
1.00
Sports
Nov 27, 2011
European Soccer Teams
84
1.50
Sports
Mar 23, 2012
Common Halloween Candy
61
2.33
Holiday
Mar 20, 2012
Go to Creator's Profile
Score Distribution
Quiz Creator Spotlight
greenster123
Follow
Send a Message
Quizzes Created
-
Created Quiz Play Count
-
More By This Creator
Popular Quizzes Today
1
Find the US States - No Outlines Minefield
2
Colored Red Africa Blitz
3
Find the 'City' Movie
4
The Countries of the World
5
5x2 Blitz: Bands
6
Find the Countries of Europe - No Outlines Minefield
7
Find the US States
8
US States
More Holiday Quizzes
St. Patrick's Day Zebra Puzzle
Editor's Pick
Trending Quizzes
Colored Red Europe Blitz I
Colored Red Africa Blitz II
Colored Red Europe Blitz II
Even More Two Season TV Shows
Colored Red Africa Blitz III
Recently Updated
Odd Team Out - Big 4 Players
pecheneg
Quick Pick: 20 Twenties
pecheneg
March Madness Men's Triple Doubles
pecheneg
How Do You Spell That?
pecheneg
Godzilla Movies
pecheneg
Grab Bag: 4-10 Letters
pecheneg
2024 March Madness Bracket
pecheneg
Famous TV Couples
Peacemaker
Champions League XIs: Real Madrid
pecheneg
Largest US Cities 1790-2010
pecheneg
Trending Topics
Crossword
Anime
Marvel
Harry Potter
NBA
Disney
Kpop
Puzzle
Pokémon
WWE
The Office
Country
Song
Soccer
NFL
Your Account Isn't Verified!
In order to create a playlist on Sporcle, you need to verify the email address you used during registration. Go to your
Sporcle Settings
to finish the process.
Report this User
Report this user for behavior that violates our
Community Guidelines
.
Details:
Send Report
Go to the Sporcle.com Mobile Site →
Comments